<?xml version="1.0" encoding="UTF-8"?><?xml-stylesheet type="text/xsl" href="static/style.xsl"?><OAI-PMH xmlns="http://www.openarchives.org/OAI/2.0/" xmlns:xsi="http://www.w3.org/2001/XMLSchema-instance" xsi:schemaLocation="http://www.openarchives.org/OAI/2.0/ http://www.openarchives.org/OAI/2.0/OAI-PMH.xsd"><responseDate>2026-04-14T07:09:59Z</responseDate><request verb="GetRecord" identifier="oai:www.recercat.cat:2445/116911" metadataPrefix="marc">https://recercat.cat/oai/request</request><GetRecord><record><header><identifier>oai:recercat.cat:2445/116911</identifier><datestamp>2025-12-05T13:07:09Z</datestamp><setSpec>com_2072_1057</setSpec><setSpec>col_2072_478798</setSpec><setSpec>col_2072_478860</setSpec><setSpec>col_2072_478917</setSpec></header><metadata><record xmlns="http://www.loc.gov/MARC21/slim" xmlns:dcterms="http://purl.org/dc/terms/" xmlns:xsi="http://www.w3.org/2001/XMLSchema-instance" xmlns:doc="http://www.lyncode.com/xoai" xsi:schemaLocation="http://www.loc.gov/MARC21/slim http://www.loc.gov/standards/marcxml/schema/MARC21slim.xsd">
   <leader>00925njm 22002777a 4500</leader>
   <datafield ind2=" " ind1=" " tag="042">
      <subfield code="a">dc</subfield>
   </datafield>
   <datafield ind2=" " ind1=" " tag="720">
      <subfield code="a">Miranda García, Maite</subfield>
      <subfield code="e">author</subfield>
   </datafield>
   <datafield ind2=" " ind1=" " tag="720">
      <subfield code="a">Domingo Gómez, Cristina</subfield>
      <subfield code="e">author</subfield>
   </datafield>
   <datafield ind2=" " ind1=" " tag="720">
      <subfield code="a">Gómez Roig, Ma. Dolores</subfield>
      <subfield code="e">author</subfield>
   </datafield>
   <datafield ind2=" " ind1=" " tag="720">
      <subfield code="a">Goberna Tricas, Josefina</subfield>
      <subfield code="e">author</subfield>
   </datafield>
   <datafield ind2=" " ind1=" " tag="260">
      <subfield code="c">2017-10-23T08:22:55Z</subfield>
   </datafield>
   <datafield ind2=" " ind1=" " tag="260">
      <subfield code="c">2018-01-31T23:01:28Z</subfield>
   </datafield>
   <datafield ind2=" " ind1=" " tag="260">
      <subfield code="c">2017-01</subfield>
   </datafield>
   <datafield ind2=" " ind1=" " tag="260">
      <subfield code="c">2017-10-23T08:22:55Z</subfield>
   </datafield>
   <datafield ind2=" " ind1=" " tag="520">
      <subfield code="a">Objetivo: evaluar la efectividad del tratamiento con acupuntura y moxibustión en un entorno hospitalario, en mujeres embarazadas de 33 a 38 semanas de gestación con presentación no cefálica del feto. Método: estudio experimental de intervención, unicéntrico, en un centro hospitalario de tercer nivel, sobre una muestra de 250 mujeres embarazadas de 33 a 38 semanas de gestación con presentación no cefálica fetal. Como variable principal se consideró la versión o no a presentación cefálica posintervención y como variables secundarias las semanas de gestación en el inicio del tratamiento, la paridad, cómo finalizó el parto, el peso del recién nacido al nacer y la edad de la madre. Resultados: la prevalencia posintervención de reversión del feto a una presentación cefálica fue del 53,5% de todas las embarazadas que hicieron tratamiento con acupuntura y moxibustión y se obtuvieron diferencias significativas (p &lt; 0,0001 en el test de la χ2) con un intervalo de confianza del 95%. El 75% finalizo en parto vaginal, mientras que en el grupo que permaneció en presentación no cefálica el 97,9% de los partos finalizó en cesárea. Durante el tratamiento no mostraron efectos adversos y hubo una gran aceptación y adherencia al tratamiento. Conclusiones: el tratamiento con acupuntura y moxibustión resulto ser efectivo y seguro practicado entre las semanas 33 a 38 de gestación en una presentación no cefálica y disminuyó el número de cesáreas. Se considera recomendable la realización de un ensayo clínico aleatorizado que pueda aportar mayor evidencia científica.</subfield>
   </datafield>
   <datafield tag="653" ind2=" " ind1=" ">
      <subfield code="a">Acupuntura</subfield>
   </datafield>
   <datafield tag="653" ind2=" " ind1=" ">
      <subfield code="a">Fetus</subfield>
   </datafield>
   <datafield tag="653" ind2=" " ind1=" ">
      <subfield code="a">Monitoratge fetal</subfield>
   </datafield>
   <datafield tag="653" ind2=" " ind1=" ">
      <subfield code="a">Embaràs</subfield>
   </datafield>
   <datafield tag="653" ind2=" " ind1=" ">
      <subfield code="a">Embarassades</subfield>
   </datafield>
   <datafield tag="653" ind2=" " ind1=" ">
      <subfield code="a">Part</subfield>
   </datafield>
   <datafield tag="653" ind2=" " ind1=" ">
      <subfield code="a">Acupuncture</subfield>
   </datafield>
   <datafield tag="653" ind2=" " ind1=" ">
      <subfield code="a">Fetus</subfield>
   </datafield>
   <datafield tag="653" ind2=" " ind1=" ">
      <subfield code="a">Fetal monitoring</subfield>
   </datafield>
   <datafield tag="653" ind2=" " ind1=" ">
      <subfield code="a">Pregnancy</subfield>
   </datafield>
   <datafield tag="653" ind2=" " ind1=" ">
      <subfield code="a">Pregnant women</subfield>
   </datafield>
   <datafield tag="653" ind2=" " ind1=" ">
      <subfield code="a">Parturition</subfield>
   </datafield>
   <datafield ind2="0" ind1="0" tag="245">
      <subfield code="a">Uso de la acupuntura y moxibustión para corregir la presentación no cefálica: estudio de intervención en un centro hospitalario de tercer nivel</subfield>
   </datafield>
</record></metadata></record></GetRecord></OAI-PMH>